Factors of 400 - Statistics

General Stats
  • This quiz has been taken 86 times
  • The average score is 15 of 15
Answer Stats
Answer % Correct
1
100%
10
100%
2
100%
20
100%
4
100%
5
100%
8
100%
100
98%
16
98%
200
98%
40
98%
400
96%
50
96%
80
96%
25
90%
No matching quizzes found
Score Distribution
Percent of People with Each Score
Percentile by Number Answered
Your Score History
You have not taken this quiz